000 00394 a2200145 4500
005 20250415084342.0
020 _a978-1-119-09421-0
082 _a657. 2 EPS
100 _aEPSTEIN, L.
245 _aBookkeeping All-In-One for Dummies.
260 _aHoboken,
_bJohn Wiley & Sons, Inc,
_c2015.
300 _axviii,543p.:Ill.;figures& table
_bIndex
_c24cm.
700 _aTRACY, J.
942 _2ddc
_cBKS
999 _c1421
_d1421